Legislación de la construcción y derecho del trabajo (Registro nro. 6397)
[ vista simple ]
| 000 -LEADER | |
|---|---|
| fixed length control field | 01157 a2200205 4500 |
| 001 - CONTROL NUMBER | |
| control field | 58033 |
| 005 - DATE AND TIME OF LATEST TRANSACTION | |
| control field | 20260407155840.0 |
| 008 - FIXED-LENGTH DATA ELEMENTS--GENERAL INFORMATION | |
| fixed length control field | 260407a1972 arg spa d |
| 003 - CONTROL NUMBER IDENTIFIER | |
| control field | AR-UNSa-BCEJYS |
| 040 ## - CATALOGING SOURCE | |
| Original cataloging agency | AR-UNSa-BCEJYS |
| Language of cataloging | spa |
| Transcribing agency | AR-UNSa-BCEJYS |
| 080 ## - UNIVERSAL DECIMAL CLASSIFICATION NUMBER | |
| Universal Decimal Classification number | 349.2(094.5) |
| Common auxiliary subdivision | (Legislación del trabajo (Legislación laboral, contrato de trabajo,procedimiento laboral,riesgo laboral etc.)) |
| 041 ## - LANGUAGE CODE | |
| Language code of text/sound track or separate title | spa |
| 100 1# - MAIN ENTRY--PERSONAL NAME | |
| Personal name | Sánchez, Pedro C. |
| 245 10 - TITLE STATEMENT | |
| Title | Legislación de la construcción y derecho del trabajo |
| 264 #1 - PRODUCTION, PUBLICATION, DISTRIBUTION, MANUFACTURE, AND COPYRIGHT NOTICE | |
| Place of production, publication, distribution, manufacture | Buenos Aires : |
| Name of producer, publisher, distributor, manufacturer | Plus Ultra |
| Date of production, publication, distribution, manufacture, or copyright notice | 1972 |
| 300 ## - PHYSICAL DESCRIPTION | |
| Extent | 198 p. |
| Dimensions | 20 cm. |
| 505 ## - FORMATTED CONTENTS NOTE | |
| Formatted contents note | 1. Generalidades legales – 2.obligaciones – 3. Restricciones al dominio – 4. Concepto de legislación de la construcción – 5. Sociedades: civiles y comerciales – 6. La locación de obra – 7. Responsabilidad del constructor de una obra – 8. Medianería – 9. Derecho del trabajo – 10. Regulación del tiempo de presentación del trabajo – 11. Suspensión del contrato de trabajo – 12. Responsabilidad patronal en los accidentes de trabajo – 12. La justicia del trabajo |
| 590 ## - LOCAL NOTE (RLIN) | |
| Local note | niveau_biblio:m niveau_hierar:0 |
| 942 ## - ADDED ENTRY ELEMENTS (KOHA) | |
| Koha item type | |
| Withdrawn status | Lost status | Damaged status | Not for loan | Home library | Current library | Shelving location | Date acquired | Total checkouts | Full call number | Barcode | Date last seen | Price effective from | Koha item type |
|---|---|---|---|---|---|---|---|---|---|---|---|---|---|
| Biblioteca Prof. Eusebio Cleto del Rey | Biblioteca Prof. Eusebio Cleto del Rey | 07/04/2026 | 349.2(094.5) S211 | L87230 | 07/04/2026 | 07/04/2026 | Libro |